000 00712nam a2200241 a 4500
999 _c10943
_d10943
001 10943
003 BD-JhCC
005 20190620091311.0
008 190529b2013 bd ||||| a||| 00| 0 eng d
020 _a9789849044031
035 _a(BD-JhCC)10943
040 _aBD-JhCC
_dBD-JhCC
041 _aben
082 _bMAM 2013
_a796.095492
100 _aমামুন, মোস্তফা
245 _aটাচলাইন থেকে লাফ ঝাঁপ /
_cমোস্তফা মামুন,
260 _aঢাকা:
_bবিদ্যাপ্রকাশ;
_c2013.
300 _a138 p.:
_c22 cm.
650 _aSports
_zBangladesh
650 _aCricket
942 _2ddc
_cBK